|
|
|
|
| LEADER |
00000ngm a2200000 a 4500 |
| 001 |
vtls009957327 |
| 003 |
SK-MaSNL |
| 005 |
20260301212453.0 |
| 007 |
vd cvaizs |
| 008 |
091007s2009 xo 097 e vleng |
| 040 |
|
|
|a SNK
|b slo
|c SNK
|e AACR2
|
| 041 |
1 |
|
|a eng
|a cze
|b cze
|h eng
|
| 044 |
|
|
|a xo
|c SK
|
| 072 |
|
7 |
|a 791
|x Film. Cirkus. Ľudová zábava
|2 konspekt
|
| 080 |
|
|
|a 791.221.2
|2 2001
|
| 080 |
|
|
|a 791.221.7
|2 2001
|
| 080 |
|
|
|a (0.034.44)
|2 2001
|
| 130 |
0 |
|
|a Dirty Deeds
|l Česky
|9 598055
|
| 245 |
1 |
0 |
|a Rváči
|h videozáznam
|c [réžia] David Caesar
|
| 260 |
|
|
|a Bratislava
|b Intersonic
|c 2009
|
| 300 |
|
|
|a 1 videodisk (DVD) (97 min.)
|b zvuk DD 5.1, fareb., PAL 16:9
|
| 500 |
|
|
|a Názov z obalu
|
| 500 |
|
|
|a Vyšlo ako príloha dvojtýždenníka DVD HIT č. 24/2009
|
| 521 |
8 |
|
|a Mládeži do 15 r. nevhodné
|
| 546 |
|
|
|a V originálnom angl. znení, obsahuje čes. dabing a titulky
|
| 650 |
0 |
7 |
|a hrané filmy
|2 SNKPH
|9 68885
|
| 650 |
0 |
7 |
|a filmová komédia
|2 SNKPH
|9 73961
|
| 650 |
0 |
7 |
|a akčné filmy
|2 SNKPH
|9 51531
|
| 655 |
|
7 |
|a DVD
|2 SNKPH
|9 70751
|
| 700 |
1 |
|
|a Caesar, David
|4 drt
|9 598056
|
| 999 |
|
|
|c 918208
|d 920138
|
| 952 |
|
|
|a SNK
|b SNK
|y PREZ
|7 0
|p 17A0633496
|o snkSDVD 591
|i snk2009/18115
|8 0
|0 0
|1 0
|4 0
|d 2009-10-07
|l 0
|r 2026-02-24 08:06:50
|w 2026-02-24
|